[Event "Wch U16"]
[Site "Porto Carras"]
[Date "2018.10.29"]
[Round "10.8"]
[White "Sargsyan, Tigran R"]
[Black "Zarubitski, Viachaslau"]
[Result "0-1"]
[WhiteElo "2218"]
[BlackElo "2417"]
[PlyCount "130"]
[EventDate "2018.10.20"]
[EventType "swiss"]
[EventRounds "11"]
[EventCountry "GRE"]
[SourceTitle "CBM 187 Extra"]
[Source "ChessBase"]
[SourceDate "2018.11.04"]
[SourceVersion "1"]
[SourceVersionDate "2018.11.04"]
[SourceQuality "1"]

1. d4 Nf6 2. c4 e6 3. Nf3 Bb4+ 4. Nbd2 b6 5. g3 Bb7 6. Bg2 0-0 7. 0-0 Re8 8. Qc2 Bxd2 9. Bxd2 Be4 10. Qb3 d6 11. Bc3 Nbd7 12. Rfd1 Qc8 13. Bh3 a5 14. Nd2 a4 15. Qa3 Bc6 16. d5 exd5 17. Bxf6 gxf6 18. cxd5 Bxd5 19. Nf3 Be6 20. Bg2 Ra5 21. Nd4 Ne5 22. f4 Ng6 23. e4 f5 24. exf5 Bxf5 25. Re1 Bd7 26. Nf3 Bc6 27. Qc3 Rc5 28. Qf6 Re6 29. Qd4 Rd5 30. Qc3 Rc5 31. Qd4 Qe8 32. Rxe6 Qxe6 33. Re1 Qd5 34. Qxd5 Bxd5 35. Nd4 Bxa2 36. Re8+ Kg7 37. Be4 Kf6 38. Kf2 Bd5 39. Bd3 Bc4 40. Be4 Bd5 41. Bd3 Bc4 42. Be4 d5 43. Bf3 Ra5 44. h4 c5 45. Nc6 Rb5 46. g4 Nxf4 47. g5+ Kg7 48. Ne7 h5 49. Rg8+ Kh7 50. Rf8 Kg7 51. Rg8+ Kh7 52. Rf8 d4 53. Be4+ Ng6 54. Ng8 Kg7 55. Ra8 Rxb2+ 56. Kg1 Nxh4 57. Nf6 Nf3+ 58. Bxf3 Kg6 59. Ne4 Bd3 60. Rg8+ Kf5 61. Nd6+ Kf4 62. Bg2 a3 63. Rf8 Kg3 64. Ne4+ Bxe4 65. Bxe4 a2 0-1

[Event "Wch U16"]
[Site "Porto Carras"]
[Date "2018.10.27"]
[Round "8"]
[White "Sargsyan, Tigran R"]
[Black "Kaasen, Tor Fredrik"]
[Result "1/2-1/2"]
[WhiteElo "2218"]
[BlackElo "2388"]
[PlyCount "145"]
[EventDate "2018.10.20"]
[EventType "swiss"]
[EventRounds "11"]
[EventCountry "GRE"]
[SourceTitle "CBM 187 Extra"]
[Source "ChessBase"]
[SourceDate "2018.11.04"]
[SourceVersion "1"]
[SourceVersionDate "2018.11.04"]
[SourceQuality "1"]

1. d4 Nf6 2. c4 e6 3. Nf3 b6 4. g3 Ba6 5. b3 d5 6. Bg2 Bb4+ 7. Bd2 Bd6 8. Qc2 0-0 9. Nc3 Nbd7 10. e4 dxe4 11. Ng5 Bb7 12. Ngxe4 Nxe4 13. Nxe4 Rb8 14. 0-0 Be7 15. Bf4 Nf6 16. Rad1 Nxe4 17. Bxe4 Bxe4 18. Qxe4 Bd6 19. Be3 Re8 20. Qc6 Bf8 21. Bf4 Bd6 22. Be3 Bf8 23. c5 Rc8 24. d5 exd5 25. Rxd5 Qe7 26. Rd7 Qe6 27. Qxe6 Rxe6 28. Rfd1 bxc5 29. Rd8 Rxd8 30. Rxd8 Rc6 31. Rc8 f6 32. Bf4 Ra6 33. a4 g5 34. Be3 Rc6 35. f4 h6 36. fxg5 fxg5 37. h4 gxh4 38. gxh4 Kf7 39. Bf4 Rg6+ 40. Kf2 Bd6 41. Bxd6 cxd6 42. Rc7+ Ke6 43. Rxa7 Rg4 44. h5 Rh4 45. Ke2 Rxh5 46. Kd3 Kd5 47. Rh7 Rh3+ 48. Kc2 Kd4 49. Kb2 Rh2+ 50. Ka3 Kc3 51. Rg7 Rh1 52. Rg3+ Kd4 53. Kb2 Rh2+ 54. Ka3 Kd5 55. Rg6 Kc6 56. a5 Rd2 57. Rxh6 Kb5 58. Rh5 d5 59. Rh4 d4 60. Rh5 Rc2 61. Rd5 Rc3 62. a6 Kxa6 63. Ka4 Rc1 64. Rd6+ Kb7 65. b4 c4 66. Rxd4 Kc6 67. Ka3 Rc3+ 68. Kb2 Rb3+ 69. Kc2 Rxb4 70. Rh4 Ra4 71. Kc3 Ra3+ 72. Kb4 Rb3+ 73. Kxc4 1/2-1/2

[Event "Wch U16"]
[Site "Porto Carras"]
[Date "2018.10.24"]
[Round "6"]
[White "Sargsyan, Tigran R"]
[Black "Teclaf, Pawel"]
[Result "1/2-1/2"]
[WhiteElo "2218"]
[BlackElo "2384"]
[PlyCount "88"]
[EventDate "2018.10.20"]
[EventType "swiss"]
[EventRounds "11"]
[EventCountry "GRE"]
[SourceTitle "CBM 187 Extra"]
[Source "ChessBase"]
[SourceDate "2018.11.04"]
[SourceVersion "1"]
[SourceVersionDate "2018.11.04"]
[SourceQuality "1"]

1. d4 Nf6 2. c4 g6 3. g3 Bg7 4. Bg2 d5 5. cxd5 Nxd5 6. Nf3 Nb6 7. Nc3 0-0 8. 0-0 Nc6 9. e3 Re8 10. h3 a5 11. d5 Nb4 12. e4 c6 13. a3 Na6 14. dxc6 bxc6 15. Qc2 Qc7 16. Rd1 h6 17. Rb1 Rb8 18. b3 e5 19. Be3 Be6 20. Nd2 Qc8 21. Kh2 Bf8 22. Ra1 Nc5 23. f4 exf4 24. Bxf4 Rb7 25. e5 Bf5 26. Nde4 Nxe4 27. Nxe4 Nd5 28. Qc4 Qe6 29. Rxd5 cxd5 30. Nf6+ Qxf6 31. Qxd5 Qe7 32. Qxb7 Qxb7 33. Bxb7 Be6 34. b4 Rb8 35. Bg2 axb4 36. axb4 Rxb4 37. h4 Kg7 38. Re1 Be7 39. Bc1 Rc4 40. Be3 Bb4 41. Rc1 Rxc1 42. Bxc1 Bc3 43. Bf4 h5 44. Bc6 f6 1/2-1/2